000 00648nam a2200241 a 4500
999 _c927
_d927
008 191108t2011 xxk||||g |||| 00| 0 eng d
020 _a9780241958223
_cRs. 399.00
040 _aKO
_beng
041 0 _aeng
044 _axxk
082 0 4 _223
_a658.4092
_bSi63
100 1 _aSinek, Simon
245 1 0 _aStart With Why :
_bHow great leaders inspire everyone to take action /
_cSimon Sinek
260 _aLondon :
_bPenguin Books Ltd. ,
_c2011
300 _ax, 246 p. ;
_c20 cm.
504 _aIncludes Index.
650 0 _aEntrepreneurship
650 0 _aSuccess
650 0 _aSuccess in business
904 _aA_BOSE
942 _cBK